书目信息 |
| 题名: |
谋略家
|
|
| 作者: | 柴宇球 主编 | |
| 分册: | 上 | |
| 出版信息: | 北京 蓝天出版社 1996 |
|
| 页数: | 696页 | |
| 开本: | 20cm | |
| 丛书名: | ||
| 单 册: | ||
| 中图分类: | K812 , C933 | |
| 科图分类: | ||
| 主题词: | 历史人物--列传--世界 , 领导学 | |
| 电子资源: | ||
| ISBN: | 7-80081-632-X | |
| 000 | 00574n|m0 2200217 450 | |
| 005 | 20150126114358.82 | |
| 010 | @a7-80081-632-X@b精装@dCNY75.00 | |
| 100 | @a20021005d1996 em y0chiy0110 ea | |
| 101 | 0 | @achi |
| 102 | @aCN@b110000 | |
| 105 | @ay z 000yc | |
| 200 | 1 | @a谋略家@9mou lue jia@h上@f柴宇球主编 |
| 210 | @a北京@c蓝天出版社@d1996 | |
| 215 | @a696页@d20cm | |
| 606 | 0 | @a历史人物@x列传@y世界 |
| 606 | 0 | @a领导学 |
| 690 | @aK812@v5 | |
| 690 | @aC933@v4 | |
| 701 | 0 | @a柴宇球@9chai yu qiu@f(1952~)@4主编 |
| 801 | 0 | @aCN@bTSSF@c20150126 |
| 905 | @dC933@eJY86:1 | |
| 谋略家.上/柴宇球主编.-北京:蓝天出版社,1996 |
| 696页;20cm |
| ISBN 7-80081-632-X(精装):CNY75.00 |
| ● |
| 相关链接 |
|
|
|
|
正题名:谋略家
索取号:C933/JY86:1
 
预约/预借
| 序号 | 登录号 | 条形码 | 馆藏地/架位号 | 状态 | 备注 |
| 1 | 7860047 | 278600471 | 学院路分馆/ [索取号:C933/JY86:1] | 在馆 |